Fundamental Of Abstract Algebra/ (Record no. 199471)

MARC details
000 -LEADER
fixed length control field 00636nam a22002057a 4500
005 - DATE AND TIME OF LATEST TRANSACTION
control field 20231211115806.0
010 ## - LCCN (DPL NO)
LC control number ENG-138575
020 ## - INTERNATIONAL STANDARD BOOK NUMBER
Terms of availability 251.00
International Standard Book Number 9789392568466
035 ## - SYSTEM CONTROL NUMBER
System control number EN-122107
037 ## - SOURCE OF ACQUISITION
Source of stock number/acquisition DBAD/PUB
082 ## - DEWEY DECIMAL CLASSIFICATION NUMBER
Classification number 510
100 ## - MAIN ENTRY--PERSONAL NAME
Personal name Biswas,subhashish
245 ## - TITLE STATEMENT
Title Fundamental Of Abstract Algebra/
Statement of responsibility, etc By Shubhashish biswas And Rajoo
250 ## - EDITION STATEMENT
Edition statement 1
260 ## - PUBLICATION, DISTRIBUTION, ETC. (IMPRINT)
Place of publication, distribution, etc Chhattisgarh
Name of publisher, distributor, etc Aditi Publication
Date of publication, distribution, etc 2023
270 ## - ADDRESS
City Chhattisgarh
Address Opp,New Panchajanya Vidya Mandir Near Tiranga Chowk, Kushalpur Raipur,
300 ## - PHYSICAL DESCRIPTION
Extent 259p.
Dimensions 20cm(pbk)
700 ## - ADDED ENTRY--PERSONAL NAME
Personal name Rajoo
9 (RLIN) 59481
942 ## - ADDED ENTRY ELEMENTS (KOHA)
Source of classification or shelving scheme Dewey Decimal Classification
Item type English Books
Classification part 510
Call number suffix BIS
Holdings
Withdrawn status Lost status Not for loan Collection code Home library Current library Date acquired Source of acquisition Cost, normal purchase price Full call number Barcode Copy number Cost, replacement price Koha item type
      Non-fiction Vinoba Puri Vinoba Puri 04/12/2023 DBAD/PUB 251.00 510 BIS EN-122107 1 251.00 English Books

© Delhi Public Library
Hit Counter
free hit counter